Central Library OPAC University of Rajshahi

ব্যবহারিক মাৎস্যবিজ্ঞান / (Record no. 47646)

MARC details
000 -LEADER
fixed length control field 00918nam a22002417a 4500
001 - CONTROL NUMBER
control field 47646
003 - CONTROL NUMBER IDENTIFIER
rucl marc code BD-RjUL
005 - DATE AND TIME OF LATEST TRANSACTION
control field 20211209054346.0
008 - FIXED-LENGTH DATA ELEMENTS--GENERAL INFORMATION
fixed length control field 160809s1985 bg ||||| |||| 00| 0 ben d
020 ## - INTERNATIONAL STANDARD BOOK NUMBER
Terms of availability : TK 70.00
035 ## - SYSTEM CONTROL NUMBER
System control number (BD-RjUL)47765
040 ## - CATALOGING SOURCE
Original cataloging agency BD-RjUL
Language of cataloging ben
Transcribing agency BD-RjUL
041 ## - LANGUAGE CODE
Language code of text/sound track or separate title ben
082 ## - DEWEY DECIMAL CLASSIFICATION NUMBER
Edition number 23
Classification number 639.2
Author mark and year SHB 1985
100 ## - MAIN ENTRY--PERSONAL NAME
Personal name শফি, মোহাম্মদ
9 (RLIN) 144586
245 10 - TITLE STATEMENT
Title ব্যবহারিক মাৎস্যবিজ্ঞান /
Statement of responsibility, etc. মোহাম্মদ শফি
260 ## - PUBLICATION, DISTRIBUTION, ETC. (IMPRINT)
Place of publication, distribution, etc. ঢাকা :
Name of publisher, distributor, etc. বাংলা একডেমী,
Date of publication, distribution, etc. ১৯৮৫
300 ## - PHYSICAL DESCRIPTION
Pagination [১২], ২১১ পৃ. :
Illustrations চিত্র ;
Size ২১ সেমি.
650 ## - SUBJECT ADDED ENTRY--TOPICAL TERM
Topical term or geographic name as entry element ব্যবহারিক মাৎস্য
9 (RLIN) 144791
Topical term or geographic name as entry element Practical Fisheries
9 (RLIN) 144792
700 ## - ADDED ENTRY--PERSONAL NAME
Personal name কুদ্দুস, মুহম্মদ আব্দুল
942 ## - ADDED ENTRY ELEMENTS (KOHA)
Source of classification or shelving scheme Dewey Decimal Classification
Koha item type Books
Holdings
Lost status Source of classification or shelving scheme Damaged status Not for loan Collection code Permanent Location Current Location Shelving location Date acquired Source of acquisition Cost, normal purchase price Total Checkouts Full call number Date last seen Copy number Koha item type
  Dewey Decimal Classification     Non-fiction Central Library, University of Rajshahi Central Library, University of Rajshahi   22/10/1987 Bangla Academy, Dhaka 70.00   B 639.2 SHB 1985 09/08/2016 C-2 Books
  Dewey Decimal Classification     Non-fiction Central Library, University of Rajshahi Central Library, University of Rajshahi   22/10/1987 Bangla Academy, Dhaka 70.00   B 639.2 SHB 1985 09/08/2016 C-3 Books
  Dewey Decimal Classification     Non-fiction Central Library, University of Rajshahi Central Library, University of Rajshahi   22/10/1987 Bangla Academy, Dhaka 70.00   B 639.2 SHB 1985 09/08/2016 C-4 Books
  Dewey Decimal Classification     Non-fiction Central Library, University of Rajshahi Central Library, University of Rajshahi   22/10/1987 Bangla Academy, Dhaka. 70.00   B 639.2 SHB 1985 14/11/2016 C-5 Books
  Dewey Decimal Classification     Non-fiction Central Library, University of Rajshahi Central Library, University of Rajshahi   11/10/1992 Bangla Academy, Dhaka.     B 639.2 SHB 1985 20/11/2016 C-6 Books